000 00410nam a22001577a 4500
999 _c10608
_d10608
003 OSt
008 210331b ||||| |||| 00| 0 eng d
020 _a9789380308296
100 _aSINGH,Mukesh Kumar
245 _aIndustrial Practices in Weaving Preparatory
250 _a1st
260 _aNew Delhi
_bWood head Publishing India in textiles
_c2018
300 _a283
650 _aTextile
942 _2ddc
_cBK